| 000 | 01023nam a22002777i 4500 | ||
|---|---|---|---|
| 003 | DO-SdBNP | ||
| 005 | 20250312154838.0 | ||
| 007 | ta | ||
| 008 | 240621b2023 dr a|||| |||| 00| 0 spa d | ||
| 020 | _a9789945942224 | ||
| 040 |
_aDO-SdBNP _bspa _cBNPHU _erda |
||
| 041 | _aspa | ||
| 082 | 4 |
_axxx _bxxx _222 |
|
| 100 | 1 |
_aAraújo Franco, Elizabeth, _eautor _4aut. _985753 |
|
| 245 | 1 | 0 |
_aCuentos de mi campo / _bElizabeth Araújo Franco, Inés de Jesús Franco ; diseño de portada y maquetación por, Gerald Rodríguez. |
| 264 | 4 |
_aSanto Domingo : _bDIL S.R.L., _c©2023. |
|
| 300 |
_a88 páginas : _bilustraciones ; _c27 cm. |
||
| 336 |
_atexto _btxt _2rdacontent |
||
| 337 |
_asin mediación _bn _2rdamedia |
||
| 338 |
_avolumen _bnc _2rdacarrier |
||
| 590 | _aInventariado, 2024 /LP | ||
| 590 | _aLa biblioteca posee 1 ejemplar autografiado por la autor | ||
| 700 | 1 |
_aJesús Franco, Inés de, _eautor _4aut. _985754 |
|
| 700 | 1 |
_aRodríguez, Gerald, _ediseño de portada y maquetación _985755 |
|
| 942 |
_2ddc _cLBS1 |
||
| 999 |
_c56930 _d56930 |
||